LIBRARY ONLINE CATALOGUE

Advanced Econometric Theory/ (Record no. 19300)

MARC details
000 -LEADER
fixed length control field 00384nam a22001457a 4500
008 - FIXED-LENGTH DATA ELEMENTS--GENERAL INFORMATION
fixed length control field 220329b |||||||| |||| 00| 0 eng d
020 ## - INTERNATIONAL STANDARD BOOK NUMBER
International Standard Book Number 1138705685
050 ## - LIBRARY OF CONGRESS CALL NUMBER
Classification number HB139
Item number .C45 2011
100 ## - MAIN ENTRY--PERSONAL NAME
Personal name Chipman, John S.
245 ## - TITLE STATEMENT
Title Advanced Econometric Theory/
Statement of responsibility, etc. John S. Chipman
260 ## - PUBLICATION, DISTRIBUTION, ETC. (IMPRINT)
Place of publication, distribution, etc. London
Name of publisher, distributor, etc. Routledge
Date of publication, distribution, etc. 2011
300 ## - PHYSICAL DESCRIPTION
Extent xiv, 393p.
650 ## - SUBJECT ADDED ENTRY--TOPICAL TERM
Topical term or geographic name as entry element Econometrics
942 ## - ADDED ENTRY ELEMENTS (KOHA)
Source of classification or shelving scheme Library of Congress Classification
Koha item type General Collection
Holdings
Withdrawn status Lost status Source of classification or shelving scheme Not for loan Home library Current library Date acquired Cost, normal purchase price Total Checkouts Full call number Barcode Date last seen Price effective from Koha item type
    Library of Congress Classification   Kabarak, Main Campus Kabarak, Main Campus 29/03/2022 5265.00   HB139 .C45 2011 c.1 031710 02/08/2024 29/03/2022 General Collection
    Library of Congress Classification   Kabarak, Main Campus Kabarak, Main Campus 29/03/2022 5265.00   HB139 .C45 2011 c.2 031711 02/08/2024 29/03/2022 General Collection
    Library of Congress Classification   Kabarak, Main Campus Kabarak, Main Campus 29/03/2022 5265.00   HB139 .C45 2011 c.3 032024 02/08/2024 29/03/2022 General Collection
    Library of Congress Classification   Kabarak, Nakuru City Campus Kabarak, Nakuru City Campus 29/03/2022 5265.00   HB139 .C45 2011 c.1 031712 29/03/2022 29/03/2022 General Collection
    Library of Congress Classification   Kabarak, Nakuru City Campus Kabarak, Nakuru City Campus 29/03/2022 5265.00   HB139 .C45 2011 c.2 032025 27/09/2022 29/03/2022 General Collection